Catálogo público

Proceedings of The World Potato Congress (Record no. 87166)

MARC details
000 -CABECERA
campo de control de longitud fija 00948cam a2200289 a 4500
003 - IDENTIFICADOR DEL NÚMERO DE CONTROL
campo de control CHAP
005 - FECHA Y HORA DE LA ÚLTIMA TRANSACCIÓN
campo de control 20240515140112.0
008 - DATOS DE LONGITUD FIJA--INFORMACIÓN GENERAL
campo de control de longitud fija 010926d mx r 10100 spa d
010 ## - NÚMERO DE CONTROL DE LA BIBLIOTECA DEL CONGRESO
Número de control de LC 87166
011 ## - ENLACE DEL NUMERO DE CONTROL DE LA BIBLIOTECA DEL CONGRESO [OBSOLETO]
Número de control de LC 88138
020 ## - NÚMERO INTERNACIONAL ESTÁNDAR DEL LIBRO
Número Internacional Estándar del Libro 9074134904
035 ## - NÚMERO DE CONTROL DEL SISTEMA
Número de control de sistema 98683
040 ## - FUENTE DE LA CATALOGACIÓN
Centro/agencia transcriptor CHAP
082 04 - NÚMERO DE LA CLASIFICACIÓN DECIMAL DEWEY
Número de clasificación 635.21
Número de documento/Ítem W7 2000
111 00 - ENTRADA PRINCIPAL--NOMBRE DE CONGRESO/REUNIÓN
Nombre de congreso/reunión o jurisdicción como elemento de entrada World Potato Congress (
Número del congreso/reunión o número de parte o sección 4 :
Fecha del congreso/reunión 2000 :
Sede del congreso/Lugar de la reunión Amsterdam, The Netherlands)
9 (RLIN) 122731
245 10 - MENCIÓN DE TÍTULO
Título Proceedings of The World Potato Congress
Mención de responsabilidad, etc. /
260 ## - PUBLICACIÓN, DISTRIBUCIÓN, ETC.
Lugar de publicación, distribución, etc. Wageningen :
Nombre del editor, distribuidor, etc. Wageningen Pers,
Fecha de publicación, distribución, etc. 2000.
300 ## - DESCRIPCIÓN FÍSICA
Extensión 300 p. :
Otras características físicas ilus. ; gráfs. ;
Material acompañante/anejo + 1 disco compacto 4 3/4 plgs.
590 ## - NOTA LOCAL (RLIN)
Nota local BATCH-UPD
Procedencia (VM) [OBSOLETO] 10
Condición del los carretes individuales (VM) [OBSOLETO] 20130110
590 ## - NOTA LOCAL (RLIN)
Nota local CONVERSION
Procedencia (VM) [OBSOLETO] 10
Condición del los carretes individuales (VM) [OBSOLETO] 20130109
650 04 - PUNTO DE ACCESO ADICIONAL DE MATERIA--TÉRMINO DE MATERIA
Término de materia o nombre geográfico como elemento de entrada Papa
Subdivisión general Congresos.
9 (RLIN) 85203
901 ## - ELEMENTOS DE DATOS A LOCAL LDA (RLIN)
a BK
905 ## - ELEMENTOS DE DATOS E LOCAL, LDE (RLIN)
a Alejandra Carrasco M.
942 ## - ELEMENTOS DE PUNTO DE ACCESO ADICIONAL (KOHA)
Tipo de ítem Koha CD
Fuente del sistema de clasificación o colocación Dewey Decimal Classification
949 ## - PROCESAMIENTO DE INFORMACIÓN LOCAL (OCLC)
a 635.21 W7 2000
b BC
c CD
d 33724002027686
e CD
f CD
i 98683
s b
949 ## - PROCESAMIENTO DE INFORMACIÓN LOCAL (OCLC)
a 635.21 W7 2000
b BC
c LIBRO
d 33724000889085
e LIBRO
h 103587
i 98683
k I.217078
s b
Holdings
Estado de retiro Estado de pérdida Fuente del sistema de clasificación o colocación Estado dañado Restricciones de uso No para préstamo Código de colección Localización permanente Ubicación/localización actual Fecha de adquisición Información codificada de la localización en otra ubicación Total de préstamos Signatura topográfica completa Código de barras Fecha visto por última vez Precio válido a partir de Tipo de ítem Koha Nota pública Ubicación en estantería
    Dewey Decimal Classification   Préstamo interno   Material multimedia Biblioteca Central Biblioteca Central 17/12/2012 CD   635.21 W7 2000 33724002027686 31/12/2019 31/12/2019 CD Material complementaio  
    Dewey Decimal Classification   Préstamo 15 días   General Biblioteca Central Biblioteca Central 31/12/2019 LIBRO   635.21 W7 2000 33724000889085 31/12/2019 31/12/2019 Libro   Planta principal - Colección General